[Event "AUTO-BEG-405"]
[Site "http://www.queenalice.com/game.php?id=796303"]
[Date "2010.6.28"]
[Round "1"]
[White "prcosta"]
[Black "torrenegra64"]
[Result "0-1"]
[WhiteElo "1126"]
[BlackElo "1192"]

1. Nc3 Nf6 2. e4 e5 3. Bb5 Nc6 4. a3 Bc5 5. Bc4 d6 6. Qh5 Nxh5 7. Nd5 O-O 8. h3
Nd4 9. g4 Nf4 10. c3 Nc2+ 11. Kf1 Nxa1 12. b4 Bb6 13. Nxb6 axb6 14. d4 Nc2 15.
Ne2 Nxe2 16. Kxe2 exd4 17. cxd4 Nxd4+ 18. Kd3 Qf6 19. g5 Qf3+ 20. Kxd4 Qxh1 21.
Bb2 Be6 22. b5 Bxc4 23. Kxc4 Qxe4+ 24. Kb3 Qd3+ 25. Kb4 Rfe8 26. Bc3 Re4+ 27.
Kb3 Rxa3+ 28. Kxa3 Qxc3+ 29. Ka2 Ra4+ 30. Kb1 Ra1# 0-1

[Event "Challenge"]
[Site "http://www.queenalice.com/game.php?id=801791"]
[Date "2010.7.11"]
[Round "-"]
[White "prcosta"]
[Black "carlosufpe"]
[Result "0-1"]
[WhiteElo "1201"]
[BlackElo "1213"]

1. f4 d6 2. e4 d5 3. e5 e6 4. Qg4 Nc6 5. Bb5 Bd7 6. a3 Nd4 7. Bd3 Bb5 8. Ne2
Bxd3 9. cxd3 Nc2+ 10. Kd1 Nxa1 11. Nd4 Qd7 12. b3 c5 13. Nc2 Nxc2 14. Kxc2 c4
15. Nc3 cxb3+ 16. Kxb3 Nh6 17. Qh5 d4 18. Na4 Qb5+ 19. Ka2 Qxa4 20. Rg1 Qb5 21.
Bb2 Qxd3 22. Rd1 Qc4+ 23. Ka1 Be7 24. Rc1 Qa4 25. Ka2 O-O 26. g4 Rac8 27. g5 g6
28. Qxh6 Rxc1 29. Bxc1 Qc4+ 30. Kb2 Rc8 31. Qh3 Qxc1+ 32. Ka2 Rc2+ 33. Kb3 Qxa3+
34. Kxc2 Qxh3 35. d3 Qxh2+ 36. Kb3 Qxf4 37. Kc4 Qxe5 0-1

[Event "Challenge"]
[Site "http://www.queenalice.com/game.php?id=806312"]
[Date "2010.7.21"]
[Round "-"]
[White "montelo"]
[Black "prcosta"]
[Result "1-0"]
[WhiteElo "2127"]
[BlackElo "1105"]

1. e4 e5 2. Qh5 Nf6 3. Qxe5+ Be7 4. Nc3 Nc6 5. Qg3 Bd6 6. Qxg7 Rg8 7. Qh6 Rh8 8.
d3 Ng8 9. Qg7 Qf6 10. Qg4 b6 11. Bg5 Nh6 12. Qh5 Qg6 13. Qxg6 hxg6 14. Bxh6 Rxh6
15. Nf3 Bc5 16. Nd5 Kd8 17. Ng5 f6 18. Nf7+ Ke8 19. Nxh6 Bd6 20. Nxf6+ Ke7 21.
Nfg8+ Ke8 22. h4 Bf8 23. Ng4 Kf7 24. N8h6+ Ke8 25. h5 g5 26. Nf5 d5 27. Nf6+ Kf7
28. Nxd5 Bb4+ 29. c3 Ba5 30. b4 Bxb4 31. cxb4 a6 32. Nxc7 Ra7 33. Nd6+ Kf6 34.
Nce8+ Ke7 35. Nxc8+ Kxe8 36. Nxa7 Nxa7 37. h6 Kf8 38. h7 1-0

[Event "Challenge"]
[Site "http://www.queenalice.com/game.php?id=806313"]
[Date "2010.7.21"]
[Round "-"]
[White "prcosta"]
[Black "montelo"]
[Result "0-1"]
[WhiteElo "1105"]
[BlackElo "2128"]

1. d4 c6 2. a3 e5 3. c3 Qf6 4. Be3 e4 5. Nd2 d5 6. b4 Nh6 7. f3 Nf5 8. Bf2 e3 9.
Bxe3 Nxe3 10. Qa4 Qg6 11. g3 Nc2+ 12. Kd1 Nxa1 13. e4 dxe4 14. fxe4 b5 15. Qa5
f5 16. Bd3 Qg4+ 17. Ndf3 fxe4 18. Be2 exf3 19. Bxf3 Qg6 20. Qc7 Qd3+ 21. Ke1
Qxc3+ 22. Kf2 Qxd4+ 23. Kf1 Qd3+ 24. Be2 Qf5+ 25. Bf3 g5 26. g4 Qd3+ 27. Be2
Qb1+ 28. Kf2 Nd7 29. Qxc6 Rb8 30. Nh3 Qb2 31. Nxg5 Bb7 32. Qc1 Qxc1 33. Rxc1 Nb3
34. Re1 Be7 35. Nf3 O-O 36. Bxb5 Bh4+ 37. Kf1 Rxf3+ 38. Ke2 Bxe1 39. Kxe1 Ne5
40. g5 Re8 41. Bxe8 Nc4 42. Bh5 Re3+ 43. Kf2 Rh3 44. Be2 Rxh2+ 45. Ke1 Nxa3 46.
Kd1 Rh1+ 0-1

[Event "Challenge"]
[Site "http://www.queenalice.com/game.php?id=808252"]
[Date "2010.7.25"]
[Round "-"]
[White "davidliman"]
[Black "prcosta"]
[Result "0-1"]
[WhiteElo "1270"]
[BlackElo "1184"]

1. e4 e5 2. Nf3 d6 3. d4 Nf6 4. Nc3 Bg4 5. h3 Bh5 6. g4 Bg6 7. Bd3 Qe7 8. d5 a6
9. Nd2 Nfd7 10. Nf3 b5 11. Bg5 f6 12. Bh4 b4 13. Na4 Nc5 14. Nxc5 dxc5 15. c4
bxc3 16. bxc3 c4 17. Bxc4 Bxe4 18. O-O Kd8 19. Re1 Bg6 20. Bb3 e4 21. c4 Nd7 22.
Nd4 Ne5 23. a4 Qb4 24. Nc6+ Nxc6 25. dxc6+ Bd6 26. Bg3 Qc5 27. Qd5 Rb8 28. Rad1
Ke7 29. Qxc5 Bxc5 30. Rd7+ Kf8 31. Bxc7 Rxb3 32. Rd8+ Be8 33. Rxe4 Kf7 34. Bd6
Bxc6 35. Re7+ Kg6 36. Rxh8 Rb1+ 37. Kh2 Bxd6+ 0-1

[Event "Challenge"]
[Site "http://www.queenalice.com/game.php?id=812546"]
[Date "2010.8.3"]
[Round "-"]
[White "Scaracioli"]
[Black "prcosta"]
[Result "0-1"]
[WhiteElo "1613"]
[BlackElo "1150"]

1. e4 Nc6 2. d4 d5 3. e5 a5 4. Bb5 Bd7 5. c3 a4 6. Bxa4 Na5 7. b3 b5 8. b4 bxa4
9. bxa5 Rxa5 10. a3 g6 11. Ne2 Nh6 12. h3 Bg7 13. g4 e6 14. f3 O-O 15. h4 c6 16.
Bd2 c5 17. c4 Bc6 18. Bxa5 Qxa5+ 19. Qd2 Qxd2+ 20. Nxd2 dxc4 21. Nxc4 Bxf3 22.
Rg1 cxd4 23. Nxd4 Bxg4 24. Nb6 Bxe5 25. Rd1 Bxd1 26. Kxd1 Bxd4 27. Rg5 Bxb6 28.
Rb5 Bf2 0-1

[Event "Challenge"]
[Site "http://www.queenalice.com/game.php?id=812897"]
[Date "2010.8.4"]
[Round "-"]
[White "PRZ"]
[Black "prcosta"]
[Result "0-1"]
[WhiteElo "1057"]
[BlackElo "1150"]

1. d4 d5 2. c4 f5 3. c5 g6 4. Nf3 Nf6 5. Nc3 Bd7 6. e3 a6 7. Qb3 e6 8. h3 h5 9.
Ng5 h4 10. f4 Nc6 11. Qxb7 Ra7 12. Qb3 Na5 13. Qb4 c6 14. Na4 Rb7 15. Rg1 Rxb4
16. Nc3 Ne4 17. Ncxe4 dxe4 18. b3 e5 19. fxe5 Qxg5 20. g4 Qd8 21. gxf5 Bxf5 22.
Bxa6 Bxh3 23. Rxg6 Bc8 24. Bxc8 Qxc8 25. Bd2 Rb5 26. a4 Nxb3 27. axb5 Nxa1 28.
Rxc6 Nc2+ 29. Kd1 Nxe3+ 30. Bxe3 Qg4+ 31. Kd2 h3 32. Ra6 h2 33. Ra1 Qg2+ 0-1

[Event "Challenge"]
[Site "http://www.queenalice.com/game.php?id=814713"]
[Date "2010.8.7"]
[Round "-"]
[White "Scaracioli"]
[Black "prcosta"]
[Result "1-0"]
[WhiteElo "1591"]
[BlackElo "1163"]

1. e4 c5 2. c4 Qa5 3. Bd3 g5 4. a3 b6 5. b3 Nc6 6. Bb2 Bg7 7. b4 cxb4 8. axb4
Qxb4 9. Bc3 Qd6 10. Bxg7 Qxd3 11. Bxh8 Qxe4+ 12. Ne2 Qxg2 13. Rf1 Qxh2 14. Bc3
Qh4 15. Ra4 g4 16. c5 bxc5 17. Rg1 d6 18. Nc1 Qh2 19. Raxg4 Nf6 20. R4g3 Bf5 21.
Na3 Ne4 22. R3g2 Qh4 23. Qf3 e6 24. Rg8+ Ke7 25. Rxa8 Qh2 26. Rag8 a5 27. Rh1
Qxf2+ 28. Qxf2 Nxf2 29. Rf1 Ne4 30. Nd3 Nxc3 31. Nc1 Nd5 32. Nc4 Nf6 33. Ra8 d5
34. Nb6 h5 35. Nb3 c4 36. Nxa5 Nxa5 37. Rxa5 Be4 38. Ra7+ Kd6 39. Rxf6 Bg6 40.
Nc8+ Ke5 41. Rf2 f5 42. Rg7 Kf6 43. Re7 Kg5 44. Rxe6 h4 45. Ne7 Bf7 46. Re5 Kf6
47. Rfxf5+ 1-0

[Event "Challenge"]
[Site "http://www.queenalice.com/game.php?id=815547"]
[Date "2010.8.9"]
[Round "-"]
[White "prcosta"]
[Black "PRZ"]
[Result "1-0"]
[WhiteElo "1163"]
[BlackElo "1275"]

1. c4 e5 2. Nc3 Nf6 3. d3 b6 4. g3 Bb7 5. f3 h5 6. a3 d5 7. Qa4+ Bc6 8. Nb5 Bc5
9. e3 dxc4 10. Qxc4 Bxf3 11. Nxf3 O-O 12. Nxe5 a6 13. Nc3 Nbd7 14. d4 b5 15. Qd5
Nxe5 16. Qxc5 Nf3+ 17. Kf2 Nd7 18. Qxh5 Ng5 19. e4 f5 20. Bxg5 1-0

[Event "Challenge"]
[Site "http://www.queenalice.com/game.php?id=820472"]
[Date "2010.8.19"]
[Round "-"]
[White "prcosta"]
[Black "purus26"]
[Result "1-0"]
[WhiteElo "1203"]
[BlackElo "1100"]

1. d4 e6 2. c3 Nc6 3. Nf3 b6 4. Bg5 Be7 5. h4 f6 6. Bf4 Bd6 7. g3 Ba6 8. Bh3 Na5
9. Nbd2 Nh6 10. Bxh6 gxh6 11. Qa4 Rg8 12. Ne4 Rb8 13. Bxe6 Ke7 14. Bxg8 Qxg8 15.
b4 c5 16. bxa5 Bc7 17. dxc5 bxa5 18. Qd4 Rb2 19. Qxf6+ Ke8 20. Qxa6 Qg4 21. Nf6+
Ke7 22. Nxg4 Rc2 23. Qxa7 Kd8 24. Kd1 Rxc3 25. Nfe5 Ra3 26. Nf7+ Ke7 27. Ngxh6
Kf6 28. Qxc7 Ke6 29. Qe5# 1-0

[Event "Challenge"]
[Site "http://www.queenalice.com/game.php?id=825966"]
[Date "2010.8.31"]
[Round "-"]
[White "wagnerdqkv"]
[Black "prcosta"]
[Result "0-1"]
[WhiteElo "1550"]
[BlackElo "1215"]

1. e4 e5 2. Qh5 Qe7 3. Nc3 g6 4. Qd1 c6 5. Nf3 b5 6. b3 b4 7. Ne2 Bg7 8. g3 Nf6
9. Bg2 Nxe4 10. O-O Qc5 11. d3 Nc3 12. Nxc3 Qxc3 13. Bd2 Qc5 14. Be3 Qa5 15. Qc1
e4 16. dxe4 Bxa1 17. Qxa1 Ba6 18. Qxh8+ Ke7 19. Qxh7 Bxf1 20. Bxf1 Qxa2 21. Bc5+
d6 22. Bxb4 Qxc2 23. Ng5 Qxb3 24. Qxf7+ Qxf7 25. Nxf7 Kxf7 26. Bxd6 Ke6 27. Bxb8
Rxb8 28. Bc4+ Ke5 29. Bd3 a5 30. f4+ Kd4 31. Bc2 c5 32. e5 Kd5 33. Bxg6 Rf8 34.
f5 Kxe5 35. h4 c4 36. g4 Rh8 37. h5 c3 38. f6 Kxf6 39. Bc2 Kg5 40. Bd1 Rd8 0-1

[Event "Let's Play Chess!"]
[Site "http://www.queenalice.com/game.php?id=834046"]
[Date "2010.9.17"]
[Round "-"]
[White "tiagotrevo"]
[Black "prcosta"]
[Result "0-1"]
[WhiteElo "1204"]
[BlackElo "1244"]

1. e4 e5 2. Nf3 Nc6 3. d3 Be7 4. h4 h5 5. d4 exd4 6. Nxd4 Nxd4 7. Qxd4 c5 8.
Qxg7 Qa5+ 9. c3 Bf6 10. Qg3 Kd8 11. Qd6 Be7 12. Qe5 f6 13. Qf5 Qa4 14. Qg6 d6
15. Qg7 Qxe4+ 16. Be2 Qh7 17. Qxh7 Rxh7 18. O-O f5 19. g3 Rg7 20. Bxh5 f4 21.
Bxf4 Bh3 22. Rd1 Kc7 23. Nd2 Bxh4 24. Nc4 Nf6 25. Bxd6+ Kc6 26. Bf3+ Kb5 27. b3
Re8 28. Kh2 Bf5 29. gxh4 Rh8 30. a4+ Ka6 31. a5 Rxh4# 0-1

[Event "AUTO-BEG-424"]
[Site "http://www.queenalice.com/game.php?id=838044"]
[Date "2010.9.26"]
[Round "1"]
[White "Wyrmnax"]
[Black "prcosta"]
[Result "1-0"]
[WhiteElo "1244"]
[BlackElo "1300"]

1. b3 g5 2. Bb2 Nf6 3. Nf3 g4 4. Ng5 Bh6 5. Ne4 Nxe4 6. Bxh8 f6 7. g3 Kf7 8. Bg2
d5 9. Nc3 Bxd2+ 10. Kf1 Bxc3 11. Bxe4 dxe4 12. Qxd8 Nc6 13. Qd5+ Be6 14. Qh5+
Kg8 15. Rd1 Kxh8 16. f3 exf3 17. exf3 Bc4+ 18. Kf2 Ba6 19. Qxg4 Rg8 20. Qf4 Be5
21. Qe3 Nd4 22. Rxd4 Bxd4 23. Qxd4 b6 24. Qa4 Bb7 25. Qxa7 Ba8 26. Qxc7 e5 27.
Qe7 e4 28. Qxf6+ Rg7 29. Rd1 h5 30. Qh6+ Kg8 31. Rd8+ Kf7 32. Rd7+ 1-0

[Event "AUTO-BEG-424"]
[Site "http://www.queenalice.com/game.php?id=838045"]
[Date "2010.9.26"]
[Round "1"]
[White "prcosta"]
[Black "Mayaune"]
[Result "1-0"]
[WhiteElo "1268"]
[BlackElo "1391"]

1. d4 d5 2. h3 Nc6 3. g4 Nf6 4. Nf3 e6 5. a3 Bd6 6. g5 Ne4 7. h4 e5 8. b4 exd4
9. Nxd4 Be5 10. c3 Nxc3 11. Nxc6 Nxd1 12. Nxd8 Bxa1 13. Kxd1 Kxd8 14. Bg2 c6 15.
e4 Bg4+ 16. Kc2 dxe4 17. Bxe4 Kc7 18. a4 Rad8 19. f3 Be6 20. Bf4+ Kc8 21. Nd2
Bd4 22. Nb3 Bb6 23. Be5 Rhg8 24. a5 Rde8 25. f4 f5 26. axb6 axb6 27. Bf3 g6 28.
Ra1 Kd7 29. Rd1+ Kc8 30. Nd4 Bd5 31. Bxd5 cxd5 32. Nb5 1-0

[Event "AUTO-BEG-424"]
[Site "http://www.queenalice.com/game.php?id=838046"]
[Date "2010.9.26"]
[Round "1"]
[White "Mayaune"]
[Black "prcosta"]
[Result "1-0"]
[WhiteElo "1323"]
[BlackElo "1282"]

1. e4 e5 2. Nf3 Nc6 3. Bc4 Nh6 4. O-O g5 5. d3 Be7 6. h4 g4 7. Bxh6 gxf3 8. Qxf3
Bf6 9. Bg7 Nd4 10. Qxf6 Nxc2 11. Qxf7# 1-0